Normal view MARC view
  • Cerullo, Leonard J.

Entry Personal Name

Number of records used in: 1

001 - CONTROL NUMBER

  • control field: 5510

003 - CONTROL NUMBER IDENTIFIER

  • control field: OSt

005 - DATE AND TIME OF LATEST TRANSACTION

  • control field: 20170517122911.0

008 - FIXED-LENGTH DATA ELEMENTS

  • fixed length control field: 170517|| aca||aabn | a|a d

040 ## - CATALOGING SOURCE

  • Original cataloging agency: OSt
  • Transcribing agency: OSt

100 ## - HEADING--PERSONAL NAME

  • Personal name: Cerullo, Leonard J.

670 ## - SOURCE DATA FOUND

  • Source citation: Work cat.: (OSt): Cerullo, Leonard J., Application of lasers in neurosurgery / , c1988
Pusat Sumber Maklumat Dato' Haji Sarmin Md Hussin, Akademi Kastam Diraja Malaysia, Melaka
Tel: 06-2331106 | Faks: 06-2313787